Defuse the Bomb - Statistics

General Stats
  • This quiz has been taken 2,365 times
  • The average score is 10 of 15
Answers on the Map
Answers color-coded by a green-red scale on the quiz's map according to % correct below.
 
Answer Stats
Answer % Correct
Russia
88%
Denmark
80%
Egypt
79%
Uruguay
79%
Nepal
77%
Ecuador
75%
Ethiopia
75%
Bahamas
72%
Guatemala
70%
Laos
70%
Estonia
67%
Romania
67%
Red
39%
Green
38%
Blue
37%
No matching quizzes found
Score Distribution
Percent of People with Each Score
Percentile by Number Answered
Your Score History
You have not taken this quiz